Entry Topical Term
Number of records used in: 173
001 - CONTROL NUMBER
003 - CONTROL NUMBER IDENTIFIER
005 - DATE AND TIME OF LATEST TRANSACTION
- control field:
20220214160751.0
008 - FIXED-LENGTH DATA ELEMENTS
- fixed length control field:
220214|| aca||aabn | a|a d
040 ## - CATALOGING SOURCE
- Original cataloging agency:
OSt
- Transcribing agency:
OSt
150 ## - HEADING--TOPICAL TERM
- Topical term or geographic name as entry element:
PHARMACY
- General subdivision:
B PHARMA
670 ## - SOURCE DATA FOUND
- Source citation:
Work cat.: (OSt): GUPTA , P. K 7082, MODERN TOXICOLOGY : THE ADVERS EFFECTS OF XENOBIOTICS [VOL-2]